Advanced calculus /

Gespeichert in:
Bibliographische Detailangaben
1. Verfasser: Buck, R. Creighton (Robert Creighton), 1920-
Weitere Verfasser: Buck, Ellen F. (joint author.)
Format: Buch
Sprache:English
Veröffentlicht: New York : McGraw-Hill, c1978.
Ausgabe:3rd ed.
Schriftenreihe:International series in pure and applied mathematics
Schlagworte:
LEADER 01129cam a2200325 a 4500
001 c000388695
003 CARM
005 20120214151634.0
008 120214s1978 nyua b 001 0 eng d
010 |a 77002859 
019 1 |a 23532403  |z 856850  |5 LACONCORD2021 
020 |a 0070087288 (hbk.) 
035 |a (OCoLC)2818409  |5 LACONCORD2021 
040 |a DLC  |b eng  |c DLC  |d DLC 
050 0 0 |a QA303  |b .B917 1978 
082 0 4 |a 515 
100 1 |a Buck, R. Creighton  |q (Robert Creighton),  |d 1920- 
245 1 0 |a Advanced calculus /  |c R. Creighton Buck, with the collaboration of Ellen F. Buck. 
250 |a 3rd ed. 
260 |a New York :  |b McGraw-Hill,  |c c1978. 
300 |a xii, 622 p. :  |b ill. ;  |c 24 cm. 
490 0 |a International series in pure and applied mathematics 
500 |a Includes index. 
504 |a Bibliography: p. 588-590. 
650 0 |a Calculus. 
650 0 |a Mathematical analysis. 
700 1 |a Buck, Ellen F.,  |e joint author. 
852 8 |b CARM  |p 0578285  |f BK 
999 f f |i 3c63e347-826e-586a-aca3-160cc79f7c5a  |s af489711-da8b-5afd-a049-d38a2d1be990 
952 f f |p Can circulate  |a CAVAL  |b CAVAL  |c CAVAL  |d CARM 1 Store  |i book  |m 0578285